|
|
|
|
| LEADER |
00768nam a2200229 a 4500 |
| 001 |
c000100298 |
| 003 |
CARM |
| 005 |
19691016000000.0 |
| 008 |
690929s1969 enk 000 1 eng |
| 015 |
|
|
|a B69-11793
|
| 019 |
1 |
|
|a 110320
|5 LACONCORD2021
|
| 035 |
|
|
|a (OCoLC)34932
|5 LACONCORD2021
|
| 040 |
|
|
|a LC
|b eng
|c LC
|
| 050 |
0 |
0 |
|a PZ4.H196
|b De
|a PR6058.A547
|
| 082 |
0 |
4 |
|a 823/.9/14
|
| 100 |
1 |
|
|a Haltrecht, Montague,
|d 1932-
|
| 245 |
1 |
0 |
|a The devil is a single man.
|
| 260 |
|
|
|a London,
|b Collins,
|c 1969.
|
| 300 |
|
|
|a 286 p.
|c 21 cm.
|
| 852 |
8 |
|
|b CARM
|h A2:AB10B0
|i B02287
|p 0147333
|f BK
|
| 999 |
f |
f |
|i 18fbe743-8c95-5bdc-b521-d02b9d266ae8
|s 53c3acd6-6a2b-5d5f-aace-3bca45164ecb
|
| 952 |
f |
f |
|p Can circulate
|a CAVAL
|b CAVAL
|c CAVAL
|d CARM 1 Store
|e B02287
|f A2:AB10B0
|h Other scheme
|i book
|m 0147333
|